000 00549nam a2200193Ia 4500
005 20260120124643.0
008 008 260114s9999 xx 000 0 eng d
020 _a9780762304998
037 _aEBOOK
040 _aCRL
_beng
_cCRL
041 _aeng
_2eng
084 _qCRL
245 0 _aCitizen Responsive Government
260 _bEmerald Publishing
_c2000
700 _aTerry Nichols Clark
_9908860
856 _uhttps://www.emerald.com/insight/publication/doi/10.1016/S1479-3520(2000)8
942 _cEBOOK
999 _c1500770
_d1500770